000 00343 a2200169 4500
001 60812
020 _a
040 _cAnchieta - Pituba
100 _aCalmon, Pedro
240 1 0 _aHistória do Brasil
_lpor
245 1 0 _aHistória do Brasil
300 _a
362 0 _a1981
440 1 _aJosé Olympio
650 4 _aBrasil
942 _cBK
999 _c60812
_d60812